000 00213nam a22000857a 4500
008 170208b xxu||||| |||| 00| 0 eng d
100 _92801
_aNCERT
245 _aMathematics-XII-Part-II
260 _aNew Delhi
_bNCERT
_c2006
999 _c6009
_d6009